| 000 | 01839nam a2200337 a 4500 | ||
|---|---|---|---|
| 001 | ebr10728374 | ||
| 003 | CaPaEBR | ||
| 006 | m o u | ||
| 007 | cr cn||||||||| | ||
| 008 | 130611s2013 njua sb 001 0 eng d | ||
| 010 | _z 2013023485 | ||
| 020 | _z9781118024249 (hardback) | ||
| 020 | _z9781118647691 (e-book) | ||
| 040 |
_aCaPaEBR _cCaPaEBR |
||
| 035 | _a(OCoLC)854569092 | ||
| 050 | 1 | 4 |
_aT58.6 _b.K855 2013eb |
| 082 | 0 | 4 |
_a658.4/038011 _223 |
| 100 | 1 |
_aKumar, Vijay, _d1946- |
|
| 245 | 1 | 0 |
_aFundamentals of pervasive information management systems _h[electronic resource] / _cVijay Kumar. |
| 260 |
_aHoboken, N.J. : _bJohn Wiley and Sons, Inc., _c2013. |
||
| 300 |
_axvii, 371 p. : _bill. (some col.) |
||
| 504 | _aIncludes bibliographical references and index. | ||
| 520 |
_a"Covering both mobile data and sensor data, this comprehensive text offers updated research on sensor technology, stream data processing, mobile database security, and contextual processing. Packed with exercises and examples, the book covers essential aspects of wireless communication and provides a thorough discussion about managing information on mobile database systems. In addition, the author addresses the integration of web and workflow with mobile computing and looks at the current state of research"-- _cProvided by publisher. |
||
| 533 |
_aElectronic reproduction. _bPalo Alto, Calif. : _cebrary, _d2013. _nAvailable via World Wide Web. _nAccess may be limited to ebrary affiliated libraries. |
||
| 650 | 0 | _aManagement information systems. | |
| 650 | 0 | _aMobile communication systems. | |
| 650 | 0 | _aMobile computing. | |
| 655 | 7 |
_aElectronic books. _2local |
|
| 710 | 2 | _aebrary, Inc. | |
| 856 | 4 | 0 |
_uhttp://site.ebrary.com/lib/rucke/Doc?id=10728374 _zAn electronic book accessible through the World Wide Web; click to view |
| 999 |
_c152093 _d152093 |
||